书目信息 |
| 题名: |
陈从周说园
|
|
| 作者: | 陈从周 著 | |
| 分册: | ||
| 出版信息: | 武汉 长江文艺出版社 2020.11 |
|
| 页数: | 265页 | |
| 开本: | 23cm | |
| 丛书名: | ||
| 单 册: | ||
| 中图分类: | TU986.62 | |
| 科图分类: | ||
| 主题词: | 园林艺术--中国--文集 | |
| 电子资源: | ||
| ISBN: | 978-7-5702-1634-5 | |
| 000 | 00880nam0 2200241 45 | |
| 001 | 012001000778 | |
| 005 | 20130909150832.0 | |
| 010 | @a978-7-5702-1634-5@dCNY38.00 | |
| 100 | @a20201204d2020 em y0chiy0110 ea | |
| 101 | 0 | @achi |
| 102 | @aCN@b420000 | |
| 105 | @aa z 000yy | |
| 106 | @ar | |
| 200 | 1 | @a陈从周说园@Achen cong zhou shuo yuan@e插图珍藏版@f陈从周著 |
| 210 | @a武汉@c长江文艺出版社@d2020.11 | |
| 215 | @a265页@d23cm | |
| 300 | @a长江人文馆 | |
| 330 | @a本书精选著名园林艺术学家陈从周先生的美文,从“说园”“游园”“园景”“园趣”四个维度,概述中国园林艺术,解析传统造园工艺,品鉴园林艺术和其他艺术形式之间的关联,讲解了中国古典园林的艺术美、造型美、文化美和意境美。 | |
| 606 | 0 | @a园林艺术@y中国@j文集 |
| 690 | @aTU986.62@v5 | |
| 701 | 0 | @a陈从周@Achen cong zhou@f(1918-2000)@4著 |
| 801 | @aCN@b江苏凤凰@c20211018 | |
| 905 | @b1340999-1001@dTU986.62@e2071@f3 | |
| 陈从周说园:插图珍藏版/陈从周著.-武汉:长江文艺出版社,2020.11 |
| 265页;23cm |
| 长江人文馆 |
| ISBN 978-7-5702-1634-5:CNY38.00 |
| 本书精选著名园林艺术学家陈从周先生的美文,从“说园”“游园”“园景”“园趣”四个维度,概述中国园林艺术,解析传统造园工艺,品鉴园林艺术和其他艺术形式之间的关联,讲解了中国古典园林的艺术美、造型美、文化美和意境美。 |
| ● |
| 相关链接 |
|
|
|
|
正题名:陈从周说园
索取号:TU986.62/2071
 
预约/预借
| 序号 | 登录号 | 条形码 | 馆藏地/架位号 | 状态 | 备注 |
| 1 | 1340999 | 213409998 | 第二样本阅览室/ [索取号:TU986.62/2071] | 在馆 | |
| 2 | 1341000 | 213410003 | 第三借阅区/ [索取号:TU986.62/2071] | 在馆 | |
| 3 | 1341001 | 213410012 | 第三借阅区/ [索取号:TU986.62/2071] | 在馆 |